000 00892nam2a2200241 4500
001 rc\3049522
005 20260315065931.0
035 _a(NLR Aleph) 007189111
090 _a13624517
_c13624517
100 _a20111010d1936 u y0rusy50 ca
101 0 _arus
102 _aRU
105 _aa z |||||
200 1 _aПрименение подшипников для зубатых валиков у машинок по дерганию щетины
210 _d1936
215 _a3 с.
_cчерт.
461 0 _1001rc\3049512
_12001#$aОбмен опытом$e1-$v11
_97519757
_a"Кожевенно-обувная промышленность СССР", журнал (Москва)
_cМосква
_d1936
_nБ. и.
_o1-
_tОбмен опытом
_v11
700 1 _aСеменов
801 0 _aRU
_bNLR
_gpsbo
801 1 _aRU
_bELAR
_2rusmarc
852 _aNLR
_j36-15/26
942 _cUNSPEC
980 _aNB